000 02286nam0a2200385 4500
001 RU\NLR\BIBL_A\011734025
005 20220804111425.0
010 _a978-5-903445-52-3
021 _aRU
_bКН-П-18-036052
_9КН-П-18-2617
035 _a(NLR Aleph) 011734025
035 _a(RuMoRGB)009634680
090 _a11543700
_c11543700
100 _a20180620d2018 u y0rusy50 ca
101 1 _arus
_cdut
_adut
102 _aRU
105 _aach z 001zy
200 1 _aДва века Голландской церкви в Санкт-Петербурге
_eИнославная община как культурный и общественный институт
_e[сборник]
_fредколлегия: Бернард Вулдеринк [и др.
_gперевод с нидерландского Надежды Возненко и Александры Яковлевой]
210 _aСанкт-Петербург
_cAlexandria
_d2018
215 _a354, [4] с., XXIV с. ил., портр., факс.
_d21
300 _aПер. изд.: Twee eeuwen Nederlanders in Sint-Petersburg: De Hollandse kerk als sociaal en religieus middelpunt. Zutphen: Walburg pers, 2013
300 _aТекст рус., нидерланд.
320 _aУказ. имен и назв.: с. 337-353
455 1 _12001#$aTwee eeuwen Nederlanders in Sint-Petersburg. De Hollandse kerk als sociaal en religieus middelpunt
_1210##$aZutphen$cWalburg pers$d2013
_tTwee eeuwen Nederlanders in Sint-Petersburg. De Hollandse kerk als sociaal en religieus middelpunt
517 1 _aИнославная община как культурный и общественный институт
601 0 2 _aГолландская реформатская церковь
_cСанкт-Петербург, город
_jСборники
_92355871
_3RU\NLR\AUTH\661407173
686 2 _aЭ376.13-39(2)я43
702 1 _aВулдеринк
_bБ.
_f1938-
_gБернард
_4340
711 0 2 _aГолландская реформатская церковь
_cСанкт-Петербург
_9572335
_3RU\NLR\AUTH\8810036819
942 _cBOOK
980 _aNBR
980 _aNB